| 000 | 01226nam0a22003251 4500 | ||
|---|---|---|---|
| 001 | rc\4243136 | ||
| 005 | 20250612025142.0 | ||
| 021 |
_aRU _b[64-28939] |
||
| 035 | _a(NLR Aleph) 008471592 | ||
| 090 |
_a7933140 _c7933140 |
||
| 100 | _a20130416d1964 |||y0rusy50 ca | ||
| 101 | 1 |
_arus _cspa |
|
| 102 | _aRU | ||
| 105 | _aa z |||a| | ||
| 200 | 1 |
_aЗеленый Папа _eРоман _fПер. с исп. М. Былинкиной _g[Предисл. Ю. Певцова _gИл.: Е. Ракузин] |
|
| 210 |
_aМосква _cХудож. лит. _d1964 |
||
| 215 |
_a342 с. _cил. _d20 |
||
| 300 | _aНа обороте тит. л.: Miguel Angel Asturias. El Papa Verde. 1954 | ||
| 517 | 0 | _aEl Papa Verde | |
| 606 |
_aАмериканский империализм в Гватемале (х. л.) _2psbo |
||
| 607 |
_aГватемала _z20 в. (х. л.) _2psbo |
||
| 700 | 1 |
_7ca _8rus _aАстуриас _bМ. А. _f1899-1974 _gМигель Анхель _9261109 _3RU\NLR\AUTH\770261165 |
|
| 702 | 1 |
_aПевцов _bЮ. _4080 |
|
| 702 | 1 |
_aБылинкина _bМ. _4730 |
|
| 702 | 1 |
_aРакузин _bЕ. _4440 |
|
| 801 | 0 |
_aRU _bNLR _gpsbo |
|
| 801 | 1 |
_aRU _bELAR _2rusmarc |
|
| 852 |
_aNLR _j64-3/2570 |
||
| 942 | _cBOOK | ||
| 980 | _aNB | ||